|
|
|
|
| LEADER |
00694nab a2200193 i 4500 |
| 001 |
acta21319 |
| 005 |
20210610130106.0 |
| 008 |
161015s1942 hu o 0|| hun d |
| 022 |
|
|
|a 0324-671X
|
| 040 |
|
|
|a SZTE Egyetemi Kiadványok Repozitórium
|b hun
|
| 041 |
|
|
|a hun
|
| 041 |
|
|
|a ger
|
| 100 |
1 |
|
|a Varga István
|
| 245 |
1 |
0 |
|a Sequoia lignit Erdélyből
|h [elektronikus dokumentum] /
|c Varga István
|
| 260 |
|
|
|c 1942
|
| 300 |
|
|
|a 70-75
|
| 490 |
0 |
|
|a Acta Universitatis Szegediensis : sectio scientarium naturalium : pars botanica
|
| 695 |
|
|
|a Természettudomány, Régészet, Természettudomány, Biológia
|
| 856 |
4 |
0 |
|u http://acta.bibl.u-szeged.hu/21319/1/botanica_001_070-075.pdf
|z Dokumentum-elérés
|